Construcción e interpretación de discursos y enunciados: los marcadores
Збережено в:
| Автор: | |
|---|---|
| Формат: | Невідомо |
| Опубліковано: |
Madrid, España:
Edinumen,
2003.
|
| Серія: | Temas de Español,
|
| Предмети: | |
| Теги: |
Додати тег
Немає тегів, Будьте першим, хто поставить тег для цього запису!
|
MARC
| LEADER | 00000 a2200000 4500 | ||
|---|---|---|---|
| 003 | CL-VaPUC | ||
| 005 | 20230102134210.0 | ||
| 008 | 221214t2003 ||||| |||| 00| 0 eng d | ||
| 999 | |c 439447 |d 439445 | ||
| 020 | |a 978-8495986139 | ||
| 040 | |c Pontificia Universidad Católica de Valparaíso | ||
| 082 | 7 | |a 465 MAR 2003 |2 22 | |
| 100 | |a Martí Sánchez, Manuel |9 878644 |e autor | ||
| 245 | |a Construcción e interpretación de discursos y enunciados: los marcadores | ||
| 260 | |a Madrid, España: |b Edinumen, |c 2003. | ||
| 300 | |a 102 páginas. | ||
| 490 | |a Temas de Español, |n 11. | ||
| 583 | |k GC |c 20221214 | ||
| 650 | |a Marcadores discursivos |9 879333 | ||
| 650 | |a Marcadores del español |9 879334 | ||
| 650 | |a Español |x Marcadores |9 879335 | ||
| 942 | |2 ddc |c BK | ||
| 952 | |0 0 |1 0 |2 ddc |4 0 |6 465_000000000000000_MAR_2003 |7 0 |8 A |9 588233 |a BIBEDU |b BIBEDU |c GEN |d 2022-12-13 |e 1 |g 217418.00 |i 5656008 |l 1 |m 3 |o 465 MAR 2003 |p 5656008 |r 2025-01-22 |s 2023-09-13 |t 1 |v 217418.00 |w 2022-12-13 |y BK |k LIT | ||